[Event "XX Sants Open 2018"]
[Site "Cotxeres de Sants"]
[Date "2018.08.21"]
[Round "5"]
[White "Pulvett Marin, Daniel Eduardo"]
[Black "Gledura, Benjamin"]
[Result "0-1"]
[WhiteElo "2465"]
[BlackElo "2626"]
[Annotator "TA"]
[PlyCount "109"]
[EventDate "2018.08.17"]
[EventType "swiss"]
[EventCountry "ESP"]
[SourceTitle "playchess.com"]
[Source "ChessBase"]
[SourceQuality "1"]

{[%evp 17,109,20,31,15,50,47,57,49,89,99,84,81,92,97,83,87,112,7,13,0,0,0,0,0,0,-8,-19,-67,-24,-31,-15,-15,-18,-8,-11,-66,-31,-68,-14,-15,-8,-19,0,-229,-238,-235,-254,-226,-235,-245,-239,-232,-241,-273,-192,-194,-170,-217,-173,-170,-173,-181,-181,-156,-143,-151,-154,-145,-166,-137,-165,-156,-154,-172,-153,-137,-104,-223,-225,-208,-195,-312,-285,-783,-748,-768,-762,-747,-706,-3080,-3731,-12818,-6573,-1885]} 1. d4 Nf6 2. c4 g6 3. Nc3 d5 4. Nf3 Bg7 5. h4 (5. e3 O-O 6. Bd2 dxc4 7. Bxc4 Nbd7 8. e4 c5 9. d5 Ne8 10. Qe2 a6 11. a4 Nd6 12. Bd3 Ne5 13. Nxe5 Bxe5 14. O-O e6 15. Be3 exd5 16. Nxd5 {½-½ (25) Mamedyarov,S (2808)-Vachier Lagrave,M (2789) Stavanger 2018}) 5... c6 6. cxd5 {D90: Grünfeld: 4 Nf3 Bg7 sidelines} cxd5 7. Bf4 Nc6 8. e3 O-O 9. Ne5 Qb6 {LiveBook: 7 Games} 10. Qb3 Bf5 11. Qxb6 $146 ({Predecessor:} 11. Be2 h5 12. O-O {1-0 (29) Sadorra,J (2431)-Gopal,G (2548) Beijing 2008}) 11... axb6 12. f3 Rfc8 13. g4 Be6 14. h5 Ne8 {[%cal Bf6e8,Be8d6,Bd6c4][%mdl 32]} 15. hxg6 hxg6 16. Be2 Nd6 17. Kf2 (17. Nd3 $1 $16) 17... b5 $1 $11 {[%cal Bb6b5,Bb5b4][%mdl 32]} 18. Nd3 {Hoping for Bxd6.} ({Of course not} 18. Nxb5 Nxb5 19. Bxb5 Nxe5 $15) 18... b4 19. Nd1 Nc4 20. b3 Ra5 21. Rb1 Nb6 22. Nc1 Bd7 23. Nb2 e5 24. dxe5 Nxe5 25. Nbd3 Nxd3+ 26. Nxd3 (26. Bxd3 $11 Rc6 27. Kg3) 26... Bc3 27. Nc1 d4 (27... Na8 $15) 28. e4 g5 $36 {[%mdl 2048] Black has good play.} 29. Bd6 Rc6 30. e5 $2 (30. Be7 $1 $11 {and White has nothing to worry.}) 30... Nc8 $19 31. Rh6 Kg7 32. Bd3 Nxd6 33. Rxd6 Rxd6 34. exd6 Kf6 35. Bc4 b5 36. Bd5 Ra6 37. Bb7 Rxd6 38. Nd3 Rb6 39. Nc5 Bc6 $1 40. Bc8 Ke7 41. Rh1 Bd5 42. Bf5 Rc6 43. Nd3 Ra6 44. Nc1 Bd2 {Strongly threatening ...Bxc1.} 45. Bb1 Rf6 46. Bf5 Be6 47. Be4 {[#]} (47. Nd3 $17) 47... Bxc1 $1 48. Rxc1 {[#]} Bxg4 $1 {[%mdl 4096] Endgame KRB-KRB} 49. Rd1 (49. Ke2 {keeps fighting.} Rf4 50. Bc6) 49... Rf4 50. Re1 $2 (50. Ba8 Bd7 51. Ke2) 50... Kd6 {Black is clearly winning.} 51. Kg3 Bf5 52. Bxf5 Rxf5 53. Re8 Rd5 54. Rd8+ Ke6 55. Re8+ {Precision: White = 48%, Black = 68%.} 0-1

[Event "XX Sants Open 2018"]
[Site "Cotxeres de Sants"]
[Date "2018.08.21"]
[Round "5"]
[White "Neef, Maximilian"]
[Black "Petrov, Nikita"]
[Result "1/2-1/2"]
[WhiteElo "2463"]
[BlackElo "2591"]
[Annotator "TA"]
[PlyCount "88"]
[EventDate "2018.08.17"]
[EventType "swiss"]
[EventCountry "ESP"]
[SourceTitle "playchess.com"]
[Source "ChessBase"]
[SourceQuality "1"]

{[%evp 16,88,-15,-10,-3,-22,-28,-22,-16,-19,-18,-19,-25,-25,0,0,0,0,10,-46,-45,-53,-52,-50,-36,-90,-90,-112,-109,-116,-117,-125,-102,-100,-99,-111,-76,-84,-58,-60,-67,-38,-25,-69,-61,-67,-46,-42,-60,-53,-67,-59,-60,-48,-1,-12,0,0,79,0,0,0,5,0,0,0,54,33,33,22,35,0,40,23,58]} 1. Nf3 d5 2. g3 g6 3. c4 dxc4 4. Qa4+ Nc6 5. Bg2 Bg7 6. O-O {A09: Réti Opening: 1 Nf3 d5 2 c4} (6. Qxc4 e5 7. O-O Nge7 8. Nc3 O-O 9. d3 Nd4 10. Nxd4 exd4 11. Ne4 Be6 12. Qc2 Bd5 13. Bg5 f6 14. Bf4 c6 15. Qc5 b6 16. Qd6 g5 17. Bd2 {½-½ (52) Artemiev,V (2691)-Wang,H (2709) Huaian 2017}) 6... Nh6 7. Qxc4 Nf5 8. d3 O-O 9. Nc3 {LiveBook: 4 Games} a5 10. Qa4 Bd7 $146 {[%cal Bc8d7,Bd7c6,Bc6d5][%mdl 32]} ({Predecessor:} 10... Ne5 11. Nxe5 Bxe5 12. Rd1 c6 13. e3 Nd6 14. h3 Be6 15. Qc2 Rc8 16. Bd2 {½-½ (40) Koehler,J (2060)-Morcin,T (2064) LSS email 2013}) 11. Bd2 h6 12. Rac1 e5 (12... Ncd4 $5 13. Qd1 $8 Nxf3+ 14. Bxf3 Rb8 $11) 13. Rfe1 Ncd4 14. Qd1 Bc6 15. Nxd4 exd4 16. Ne4 Bd5 17. a3 (17. Bf4 $11) 17... b6 $15 18. b4 axb4 19. axb4 Ne7 {White must now prevent ...f5.} 20. Bf4 (20. e3 $15) 20... Ra7 $17 21. Qc2 {[%cal Rf4c7] [#]} Qa8 $1 22. f3 f5 23. Nf2 g5 24. Bd2 c6 25. Qd1 Ra2 26. Ra1 Qa3 27. Rxa2 Qxa2 28. Qc1 Ng6 29. Nd1 f4 30. Nf2 Kh7 31. Bh3 $1 Be5 32. Kg2 $1 Qa7 33. Ne4 Qc7 34. Rh1 Qe7 35. Bg4 Kg7 36. Bh5 Bb8 {[#]} (36... Qe6 $11 {keeps the balance.}) 37. Bxg6 ({White should try} 37. h4 $1 $16) 37... Kxg6 $11 38. g4 h5 {Threatens to win with ...hxg4.} 39. gxh5+ Kxh5 40. Qg1 Qg7 (40... Bxe4 $11 41. dxe4 Qd7) 41. Kf1 {Hoping for Qg4+.} Be6 $1 42. Qg2 Rg8 43. Rg1 {And now h4! would win.} Be5 44. Nf2 Qd7 {Precision: White = 64%, Black = 54%.} 1/2-1/2

[Event "XX Sants Open 2018"]
[Site "Cotxeres de Sants"]
[Date "2018.08.21"]
[Round "5"]
[White "Bellia, Fabrizio"]
[Black "Cruz, Cristhian"]
[Result "0-1"]
[WhiteElo "2440"]
[BlackElo "2571"]
[Annotator "TA"]
[PlyCount "62"]
[EventDate "2018.08.17"]
[EventType "swiss"]
[EventCountry "ESP"]
[SourceTitle "playchess.com"]
[Source "ChessBase"]
[SourceQuality "1"]

{[%evp 25,62,1,4,0,0,0,0,-10,11,-25,-35,-34,-28,-27,-48,-48,-49,-84,-88,-90,-87,-88,-81,-90,-81,-103,-104,-412,-412,-410,-401,-435,-426,-463,-463,-463,-463,-459,-456]} 1. e4 c5 2. Nf3 e6 3. d4 cxd4 4. Nxd4 Nf6 5. Nc3 d6 6. Be2 Be7 7. O-O O-O 8. f4 Nc6 9. Be3 a6 10. a4 Qc7 11. Qd2 Nxd4 {B85: Sicilian Scheveningen: 6 Be2 a6, lines with early Be3} 12. Bxd4 e5 13. Be3 exf4 {LiveBook: 3 Games. The position is equal.} 14. Bxf4 Be6 15. Kh1 Rac8 16. a5 Nd7 {[%cal Bf6d7,Bd7e5,Be5c6][%mdl 32]} 17. Be3 $146 ({Predecessor:} 17. Rfd1 Ne5 18. Be3 Qc6 19. Bd4 Bf6 20. Ra3 Be7 21. Ra4 Nd7 22. Qf4 {0-1 (41) Panchanathan,M (2436)-Kunte,A (2479) Nagpur 2002}) 17... Bf6 {[%cal Rf6c3]} 18. Bd4 Bxd4 19. Qxd4 Ne5 20. Rfd1 Rfd8 21. Kg1 Nc6 22. Qb6 Qxb6+ 23. axb6 Ne5 24. Rd2 Rc6 25. Ra5 {[#] Hoping for Rxe5!} Rdc8 26. Na4 $2 {[%mdl 8192]} (26. Nd5 $17 Kf8 27. c3) 26... Rxc2 $19 27. Rxc2 Rxc2 28. Bxa6 Nc6 {Black is clearly winning.} (28... bxa6 $2 29. b7 $18) 29. Rd5 Bxd5 (29... bxa6 30. Rxd6 Bc8 {[#]} 31. b4 $1 $14 {[%mdl 512]}) 30. exd5 Nb4 ({Don't blunder} 30... bxa6 $2 31. dxc6 h6 32. b7 $18) 31. Bxb7 Nd3 {Precision: White = 38%, Black = 87%.} 0-1

[Event "XX Sants Open 2018"]
[Site "Cotxeres de Sants"]
[Date "2018.08.21"]
[Round "5"]
[White "Buscara, Sevan"]
[Black "Martinez Alcantara, Jose Eduardo"]
[Result "1/2-1/2"]
[WhiteElo "2432"]
[BlackElo "2561"]
[Annotator "TA"]
[PlyCount "181"]
[EventDate "2018.08.17"]
[EventType "swiss"]
[EventCountry "ESP"]
[SourceTitle "playchess.com"]
[Source "ChessBase"]
[SourceQuality "1"]

{[%evp 23,181,0,21,25,23,35,43,47,43,52,83,70,86,73,116,111,131,96,110,97,100,77,99,50,54,60,86,60,79,59,73,73,73,70,84,86,81,58,72,62,87,88,134,118,150,118,118,110,150,150,150,113,150,150,152,119,117,113,122,82,137,132,127,125,116,102,135,67,88,64,70,68,127,122,141,139,126,99,147,139,156,157,175,184,173,104,151,103,189,192,193,134,156,157,198,136,120,90,118,89,97,0,5,0,0,0,0,0,0,0,0,0,0,0,0,0,0,-45,-53,-193,-59,-48,0,-3,0,0,0,-29,-36,-36,-36,-34,-36,-60,-55,-78,-78,-78,-78,-77,-28,-28,-28,-28,-28,-31,-33,-33,-33,-34,0,-8,-8,-8,-8,-8,-8,-8,-8,-8]} 1. e4 c5 2. Nf3 d6 3. d4 Nf6 4. Nc3 cxd4 5. Nxd4 a6 6. Be2 e5 7. Nb3 Be7 8. Be3 O-O 9. O-O Be6 10. Nd5 Nxd5 11. exd5 Bf5 12. Qd2 {B92: Sicilian Najdorf: 6 Be2} Qc7 {LiveBook: 3 Games} (12... Bg6 13. Rac1 a5 14. a4 Nd7 15. Bb5 f5 16. f4 Nf6 17. g3 Ng4 18. c3 Bf6 19. Rce1 {½-½ (36) Mekhitarian,K (2550)-Oparin,G (2617) Abu Dhabi 2016}) 13. c4 a5 14. f4 {White has an edge.} exf4 15. Bxf4 Bg6 16. Nd4 $146 ({Predecessor:} 16. Rac1 a4 17. Nd4 Nd7 18. b4 axb3 19. axb3 Nc5 20. b4 Ne4 21. Qe3 Qb6 22. Nb5 Qxe3+ 23. Bxe3 Ra2 {½-½ (23) Mircov,N (2290)-Szekely,P (2450) Cappelle-la-Grande 1992}) 16... Na6 17. Nb5 Qd8 18. Bd3 Qb6+ 19. Kh1 Rfe8 20. Be3 Nc5 21. Bxg6 hxg6 22. Qf2 Bf6 23. Bxc5 dxc5 24. Rae1 Rf8 25. a4 Qd8 26. b3 Rc8 27. Qf4 Qd7 28. Qd6 Qxd6 29. Nxd6 Rb8 30. g3 Rfd8 31. Nb5 $36 {[%mdl 2048] Black is under pressure.} Rd7 32. Kg2 Be7 33. Rf3 Rbd8 34. Rfe3 Kf8 35. Kf3 Rb8 36. h4 Rbd8 37. Rh1 Kg8 38. Re2 Bd6 39. h5 gxh5 40. Rxh5 g6 41. Rh4 Be7 (41... Re7 $142) 42. Rhe4 $16 Kf8 43. Rh2 Kg7 44. Re1 Bd6 45. Reh1 (45. Rhe2 $16) 45... Be5 46. Rh7+ Kg8 47. R7h4 Bf6 (47... Re8 $14) 48. Re4 $1 Be7 49. g4 Kg7 50. Rhe1 Bh4 51. R1e2 $1 Rh8 52. Re8 Rh6 53. Rh2 g5 54. Rhe2 (54. Ke2 $18) 54... Rf6+ 55. Kg2 b6 (55... Rf4 $16 {is a better defense.}) 56. Nc3 $18 Kg6 {[#]} 57. Nd1 (57. R8e4 $1 $18) 57... Rf4 $16 58. R8e4 f5 {[#]} 59. Re6+ ({White should play} 59. gxf5+ $1 $18 Rxf5 60. Re6+ Rf6 61. Rxf6+ Kxf6 62. Kh3) 59... Kg7 60. gxf5 Rxf5 61. Rxb6 Rdf7 62. d6 ({Better is} 62. Rbe6 $16) 62... Rf3 $1 $11 63. Re7 {Hoping for Rxf7+.} g4 64. Rxf7+ Kxf7 {[%mdl 4096] Endgame KRB-KRN} 65. Rb7+ Ke6 {Threatens to win with ...Rd3.} 66. Rh7 Rg3+ 67. Kf1 Rh3 68. Rh6+ Kd7 69. Kg2 Kc6 70. Re6 Rxb3 71. Ne3 ({White should try} 71. Re4 $15) 71... Kd7 (71... Rb2+ $19 72. Kf1 Rf2+ 73. Kg1 Re2) 72. Re4 $1 $15 Bf6 73. Nd5 Bd4 (73... Bd8 {seems wilder.} 74. Rxg4 Ra3 75. Rg7+ Kxd6 76. Rg8 Bh4) 74. Rxg4 Kxd6 75. Rg6+ Ke5 76. Ra6 Rb2+ 77. Kf3 Rf2+ 78. Kg3 Rc2 79. Nb6 Ke4 {...Be5+ is the strong threat.} 80. Rxa5 Be5+ 81. Kg4 Rg2+ {[%mdl 1024] Black has strong compensation.} 82. Kh3 Kf3 {[%csl Ge5][%cal Rg2h2]} 83. Kh4 Bf4 {[%cal Rg2h2]} 84. Kh5 Rh2+ 85. Kg6 Rh6+ 86. Kf5 Bc7 (86... Rxb6 {looks sharper.} 87. Rxc5 Rb4 88. a5 Ra4 89. Rb5 Rxc4 90. Rb3+ Be3) 87. Ra6 {The position is equal.} Rxb6 88. Rxb6 Bxb6 89. Ke5 Ba5 90. Kd5 Bb4 {[#]} 91. a5 $1 {[%mdl 512] Precision: White = 56%, Black = 49%.} 1/2-1/2

[Event "XX Sants Open 2018"]
[Site "Cotxeres de Sants"]
[Date "2018.08.21"]
[Round "5"]
[White "Cruz, Jonathan"]
[Black "Volkov, Sergey"]
[Result "0-1"]
[WhiteElo "2420"]
[BlackElo "2557"]
[Annotator "TA"]
[PlyCount "66"]
[EventDate "2018.08.17"]
[EventType "swiss"]
[EventCountry "ESP"]
[SourceTitle "playchess.com"]
[Source "ChessBase"]
[SourceQuality "1"]

{[%evp 33,66,18,26,19,30,39,35,24,28,-9,-5,-14,-1,-16,-11,-29,-37,-37,-24,-36,-39,-220,-225,-224,-218,-773,-728,-867,-858,-29980,-29980,-29981,-29982,-29981,-29981]} 1. e4 e6 2. d4 d5 3. Nd2 Nf6 4. e5 Nfd7 5. Bd3 c5 6. c3 Nc6 7. Ne2 cxd4 8. cxd4 f6 9. exf6 Nxf6 10. O-O Bd6 11. Nf3 O-O 12. Bf4 Bxf4 13. Nxf4 Ng4 14. Qd2 Qf6 15. Ne2 e5 16. dxe5 Ngxe5 17. Nxe5 Nxe5 {LiveBook: 16 Games} 18. Rae1 {C06: French Tarrasch: 3...Nf6 4 e5 Nfd7 5 Bd3 main lines} (18. Nd4 Qf4 19. Rad1 Bg4 20. Qxf4 Rxf4 21. f3 Bd7 22. Bb5 Nc6 23. Bxc6 bxc6 24. Rfe1 Kf7 25. Re3 Rb8 {½-½ (57) Ghaem Maghami,E (2596)-Bluebaum,M (2588) Berlin 2015}) 18... Be6 $146 19. Nd4 Bf7 20. Be2 {White is slightly better.} Rac8 21. Bf3 Nxf3+ 22. Nxf3 d4 {[%cal Bd5d4,Bd4d3,Bd3d2][%mdl 32] [#] Hoping for ...Bc4.} 23. Ne5 Rfd8 24. Nxf7 Qxf7 25. b3 d3 26. Rd1 Qd5 $36 {[%mdl 2048] aiming for ...Rc2. Black has good play.} 27. Rfe1 $2 (27. Rc1 $15) 27... Rc2 $19 28. Qe3 d2 ({Worse is} 28... Rxa2 {[#]} 29. Rxd3 $1 {[%mdl 512]} Qxd3 30. Qe6+ Kf8 31. Qe7+ Kg8 32. Qe6+ Kf8 33. Qe7+ Kg8 34. Qe6+ $11) 29. Re2 $2 (29. Rf1) 29... Rdc8 30. Qf3 Qd7 {Strongly threatening ...Rc1.} 31. Re4 Rc1 {Black mates.} 32. Rc4 R8xc4 33. bxc4 Qe6 {Precision: White = 11%, Black = 74%.} 0-1

[Event "XX Sants Open 2018"]
[Site "Cotxeres de Sants"]
[Date "2018.08.21"]
[Round "5"]
[White "Kulkarni, Rakesh"]
[Black "Swiercz, Dariusz"]
[Result "1/2-1/2"]
[WhiteElo "2363"]
[BlackElo "2669"]
[Annotator "TA"]
[PlyCount "102"]
[EventDate "2018.08.17"]
[EventType "swiss"]
[EventCountry "ESP"]
[SourceTitle "playchess.com"]
[Source "ChessBase"]
[SourceQuality "1"]

{[%evp 17,102,0,0,0,0,9,16,12,10,13,13,6,9,8,0,0,0,0,0,0,0,0,6,-11,4,-18,-22,-20,-25,-22,-10,-9,-7,-25,-18,-40,-31,-27,-25,-35,0,-32,-27,-27,-32,-45,-22,-47,0,0,0,0,0,0,0,0,0,0,0,0,0,0,0,0,0,0,0,0,0,0,0,0,0,0,0,0,0,0,0,0,0,0,0,0,0,0,0]} 1. e4 c5 2. c3 d5 3. exd5 Qxd5 4. d4 Nf6 5. Nf3 e6 6. Na3 {[%cal Bb1a3,Ba3c4,Bc4e3][%mdl 32]} a6 7. Nc4 Nbd7 8. Be2 {B22: Sicilian: 2 c3} b5 9. Ne3 Qc6 {LiveBook: 6 Games} 10. O-O Bb7 11. a4 Be7 12. axb5 axb5 13. Rxa8+ Bxa8 14. dxc5 Qxc5 15. Nc2 O-O 16. Be3 $146 Qc7 17. Nfd4 Qb7 {[%csl Ga8][%cal Rb7g2] [#]} 18. Bf3 Nd5 19. Bf4 Qb6 20. Bg3 Rd8 21. Qd3 b4 22. cxb4 Bxb4 23. Nxb4 Nxb4 24. Qc3 {[#] aiming for Bc7.} Nc5 25. Bxa8 Rxa8 26. Bc7 Qxc7 27. Qxb4 Nd3 28. Qb5 Nf4 29. Qc6 Qxc6 30. Nxc6 $15 {[%mdl 4096] Endgame KRN-KRN} Ra6 31. Rd1 {[%cal Rd1d8]} f6 (31... g5 {with more complications.} 32. Ne5 Ra5 33. Nc4 Ra4 34. Nd6 Rb4) 32. Nd8 Rb6 33. g3 {The position is equal.} Ng6 34. Rd7 h5 35. b4 Ne5 36. Re7 Nf3+ 37. Kg2 Nd4 38. Rb7 Rd6 39. Rb8 Kh7 40. b5 Nxb5 41. Nxe6 Rxe6 42. Rxb5 $11 {KR-KR} g5 43. h4 Kg6 44. hxg5 fxg5 45. f4 gxf4 46. gxf4 {And now f5+ would win.} Re3 47. Rg5+ Kh6 48. Rg3 Rxg3+ 49. Kxg3 Kg6 50. Kh4 Kf5 51. Kxh5 Kxf4 {Precision: White = 77%, Black = 83%.} 1/2-1/2

[Event "XX Sants Open 2018"]
[Site "Cotxeres de Sants"]
[Date "2018.08.21"]
[Round "5"]
[White "Gutierrez Palomino, Albert"]
[Black "Alcala Gonzalez, Cesar"]
[Result "0-1"]
[WhiteElo "1912"]
[BlackElo "1815"]
[Annotator "NA RC"]
[PlyCount "76"]
[EventDate "2018.08.17"]
[EventType "swiss"]
[EventCountry "ESP"]
[SourceTitle "playchess.com"]
[Source "ChessBase"]
[SourceQuality "1"]
[TimeControl "40/5400+30:1800+30"]

1. c4 {[%emt 0:00:00]} c6 {[%emt 0:00:00]} 2. Nf3 {[%emt 0:00:00]} d5 {[%emt 0:00:00]} 3. e3 {[%emt 0:00:08]} Nf6 {[%emt 0:00:00]} 4. Nc3 {[%emt 0:00:29]} e6 {[%emt 0:00:02]} 5. b3 {[%emt 0:00:32]} Nbd7 {[%emt 0:00:16]} 6. Qc2 {[%emt 0:00:24]} Bd6 {[%emt 0:00:08]} 7. Bb2 {[%emt 0:00:20]} O-O {[%emt 0:00:08]} 8. Rg1 {[%emt 0:00:42]} e5 {[%emt 0:00:42]} 9. cxd5 {[%emt 0:00:28]} cxd5 {[%emt 0:04:57]} 10. Nb5 {[%emt 0:00:32]} Bb8 {[%emt 0:10:16]} 11. Rc1 {[%emt 0:00:59]} e4 {[%emt 0:02:49]} 12. Nfd4 {[%emt 0:06:05]} Bxh2 {[%emt 0:06:49]} 13. Rh1 {[%emt 0:00:32]} Be5 {[%emt 0:00:49]} 14. Ba3 {[%emt 0:06:14]} Re8 {[%emt 0:01:37]} 15. Nf5 {[%emt 0:09:45]} Nb6 {[%emt 0:14:19]} 16. Nfd6 {[%emt 0:09:38]} Bxd6 {[%emt 0:01:41]} 17. Bxd6 {[%emt 0:16:29]} Bg4 {[%emt 0:10:32]} 18. Bc7 {[%emt 0:02:24]} Qe7 {[%emt 0:08:30]} 19. Nd6 {[%emt 0:02:52]} Rf8 {[%emt 0:09:27]} 20. Nb5 {[%emt 0:25:00]} Rfc8 {[%emt 0:07:42]} 21. Nd6 {[%emt 0:05:12]} Ne8 {[%emt 0:00:51]} 22. Nxe8 {[%emt 0:03:08]} Qxe8 {[%emt 0:00:10]} 23. Qc5 {[%emt 0:04:41]} Qe6 {[%emt 0:02:14]} 24. Bb5 {[%emt 0:01:34]} a6 {[%emt 0:00:43]} 25. Be2 {[%emt 0:00:54]} Bxe2 {[%emt 0:01:42]} 26. Kxe2 {[%emt 0:00:01]} Qg4+ {[%emt 0:00:26]} 27. Kf1 {[%emt 0:00:26]} Rxc7 {[%emt 0:00:29]} 28. Qxc7 {[%emt 0:01:15]} Rc8 {[%emt 0:00:07]} 29. f3 {[%emt 0:02:50]} Rxc7 {[%emt 0:00:50]} 30. Rxc7 {[%emt 0:00:50]} exf3 {[%emt 0:00:04]} 31. Rg1 {[%emt 0:00:30]} fxg2+ {[%emt 0:00:37]} 32. Rxg2 {[%emt 0:00:20]} Qd1+ {[%emt 0:00:01]} 33. Kf2 {[%emt 0:00:02]} Qxd2+ {[%emt 0:00:08]} 34. Kf3 {[%emt 0:00:31]} Qd1+ {[%emt 0:00:32]} 35. Re2 {[%emt 0:00:53]} g5 {[%emt 0:00:02]} 36. Rxb7 {[%emt 0:00:44]} g4+ {[%emt 0:00:05]} 37. Kf2 {[%emt 0:00:02]} g3+ {[%emt 0:00:05]} 38. Kxg3 {[%emt 0:00:45]} Qxe2 {[%emt 0:00:02]} 0-1

[Event "XX Sants Open 2018"]
[Site "Cotxeres de Sants"]
[Date "2018.08.21"]
[Round "5"]
[White "Moreno Perez, Norberto"]
[Black "Barragan Hernandez, Manel"]
[Result "1-0"]
[WhiteElo "1848"]
[BlackElo "1799"]
[Annotator "NA RC"]
[PlyCount "28"]
[EventDate "2018.08.17"]
[EventType "swiss"]
[EventCountry "ESP"]
[SourceTitle "playchess.com"]
[Source "ChessBase"]
[SourceQuality "1"]
[TimeControl "40/5400+30:1800+30"]

1. e4 c5 2. Nf3 e6 3. Be2 Qc7 4. c4 Nf6 5. Nc3 a6 6. e5 Ng4 7. d4 Nc6 8. Bf4 cxd4 9. Nxd4 Nxf2 10. Kxf2 Nxd4 11. h3 Bc5 12. Kg3 g5 13. Bd2 Qxe5+ 14. Kf2 Nxe2+ 1-0

[Event "XX Sants Open 2018"]
[Site "Cotxeres de Sants"]
[Date "2018.08.21"]
[Round "5"]
[White "Santos Ramos, Carlos"]
[Black "Ruiz Gonzalez, Jorge"]
[Result "1-0"]
[WhiteElo "1825"]
[BlackElo "1888"]
[Annotator "NA RC"]
[PlyCount "77"]
[EventDate "2018.08.17"]
[EventType "swiss"]
[EventCountry "ESP"]
[SourceTitle "playchess.com"]
[Source "ChessBase"]
[SourceQuality "1"]
[TimeControl "40/5400+30:1800+30"]

1. d4 Nf6 2. Nf3 d5 3. c4 e6 4. g3 Bb4+ 5. Bd2 Bd6 6. c5 Be7 7. Nc3 c6 8. Bg2 b6 9. b4 Bb7 10. O-O O-O 11. Re1 Ne4 12. Ne5 f6 13. Nd3 a5 14. Nxe4 dxe4 15. Nf4 Kf7 16. Qb3 Bc8 17. Bh3 a4 18. Bxe6+ Ke8 19. Qc3 g5 20. Bxc8 Qxc8 21. Ng2 b5 22. f3 Qe6 23. Qe3 f5 24. Rf1 f4 25. gxf4 gxf4 26. Qxe4 Qh3 27. Bxf4 Rf6 28. Rf2 Re6 29. Be5 Rg6 30. Kh1 Rh6 31. Nf4 Qh4 32. Rg2 Nd7 33. Bd6 Ra7 34. Rag1 Nf6 35. Qxc6+ Rd7 36. Bxe7 Kxe7 37. Rg7+ Ke8 38. Qc8+ Rd8 39. Qe6+ 1-0

[Event "XX Sants Open 2018"]
[Site "Cotxeres de Sants"]
[Date "2018.08.21"]
[Round "5"]
[White "Martinez Torras, Pol"]
[Black "Grasa Solanas, Oscar"]
[Result "0-1"]
[WhiteElo "1642"]
[BlackElo "1646"]
[Annotator "NA RC"]
[PlyCount "80"]
[EventDate "2018.08.17"]
[EventType "swiss"]
[EventCountry "ESP"]
[SourceTitle "playchess.com"]
[Source "ChessBase"]
[SourceQuality "1"]
[TimeControl "40/5400+30:1800+30"]

1. e4 d5 2. exd5 Qxd5 3. Nc3 Qa5 4. d4 c6 5. Nf3 Bg4 6. h3 Bh5 7. g4 Bg6 8. Ne5 Nd7 9. Nc4 Qc7 10. h4 O-O-O 11. h5 e5 12. hxg6 fxg6 13. Bg5 Be7 14. Bxe7 Nxe7 15. d5 cxd5 16. Nb5 Qc5 17. Ncd6+ Kb8 18. Rh3 Rhf8 19. Qd2 d4 20. b4 Qc6 21. Rh2 Nb6 22. Bg2 Nbd5 23. Rxh7 a6 24. Rxg7 axb5 25. Rxe7 Qxd6 26. Rh7 Rd7 27. Rxd7 Qxd7 28. Bxd5 Qxd5 29. O-O-O Qxa2 30. Qe1 Qa1+ 31. Kd2 Qc3+ 32. Kc1 Qc7 33. Rd3 Rc8 34. Qe2 Qd6 35. Rb3 Qd5 36. f3 Qxb3 37. Qxe5+ Ka8 38. Qe4 Qe3+ 39. Kd1 Qxe4 40. fxe4 Rc3 0-1

[Event "XX Sants Open 2018"]
[Site "Cotxeres de Sants"]
[Date "2018.08.21"]
[Round "5"]
[White "Martin Sanchez, Antoni"]
[Black "Fernandez Pintado, Xavier"]
[Result "1/2-1/2"]
[WhiteElo "1535"]
[BlackElo "1577"]
[Annotator "NA RC"]
[PlyCount "59"]
[EventDate "2018.08.17"]
[EventType "swiss"]
[EventCountry "ESP"]
[SourceTitle "playchess.com"]
[Source "ChessBase"]
[SourceQuality "1"]
[TimeControl "40/5400+30:1800+30"]

1. d4 {[%emt 0:02:41]} c5 {[%emt 0:00:02]} 2. e3 {[%emt 0:00:36]} e5 {[%emt 0:00:37]} 3. dxe5 {[%emt 0:01:40]} Nc6 {[%emt 0:00:12]} 4. Nf3 {[%emt 0:01:20]} d6 {[%emt 0:04:02]} 5. exd6 {[%emt 0:00:25]} Bxd6 {[%emt 0:00:21]} 6. Be2 {[%emt 0:04:39]} Nf6 {[%emt 0:00:17]} 7. Nc3 {[%emt 0:02:29]} a6 {[%emt 0:00:18]} 8. b3 {[%emt 0:01:05]} O-O {[%emt 0:00:25]} 9. Bb2 {[%emt 0:00:04]} Qe7 {[%emt 0:01:29]} 10. h3 {[%emt 0:01:44]} Be6 {[%emt 0:03:45]} 11. O-O {[%emt 0:02:37]} Rad8 {[%emt 0:00:14]} 12. Qe1 {[%emt 0:00:40]} Bb8 {[%emt 0:01:24]} 13. Bd3 {[%emt 0:03:32]} Qc7 {[%emt 0:00:35]} 14. Ne2 {[%emt 0:03:18]} Nd7 {[%emt 0:05:11]} 15. Qc3 {[%emt 0:02:13]} f6 {[%emt 0:01:50]} 16. Ng3 {[%emt 0:06:38]} b5 {[%emt 0:05:23]} 17. a3 {[%emt 0:06:48]} b4 {[%emt 0:08:56]} 18. axb4 {[%emt 0:00:59]} cxb4 {[%emt 0:00:15]} 19. Qe1 {[%emt 0:00:41]} a5 {[%emt 0:00:25]} 20. Qe2 {[%emt 0:02:32]} Nde5 {[%emt 0:01:05]} 21. Nd4 {[%emt 0:07:18]} Bc8 {[%emt 0:13:52]} 22. Rac1 {[%emt 0:08:57]} Nxd4 {[%emt 0:06:51]} 23. Bxd4 {[%emt 0:03:23]} Rfe8 {[%emt 0:05:24]} 24. Rfd1 {[%emt 0:08:15]} Nxd3 {[%emt 0:01:34]} 25. Qxd3 {[%emt 0:01:58]} Qb7 {[%emt 0:01:38]} 26. Qf1 {[%emt 0:01:00]} Qc6 {[%emt 0:01:08]} 27. Rd2 {[%emt 0:00:44]} Ba6 {[%emt 0:01:27]} 28. Qd1 {[%emt 0:00:54]} Bb7 {[%emt 0:02:22]} 29. Qf1 {[%emt 0:00:28]} Ba6 {[%emt 0:00:21]} 30. Qd1 {[%emt 0:00:22]} 1/2-1/2

[Event "XX Sants Open 2018"]
[Site "Cotxeres de Sants"]
[Date "2018.08.21"]
[Round "5"]
[White "Gonzalez Avellana, Santiago"]
[Black "Vadillo, Torre Ismael"]
[Result "1/2-1/2"]
[WhiteElo "1465"]
[BlackElo "1567"]
[Annotator "NA"]
[PlyCount "44"]
[EventDate "2018.08.17"]
[EventType "swiss"]
[EventCountry "ESP"]
[SourceTitle "playchess.com"]
[Source "ChessBase"]
[SourceQuality "1"]
[TimeControl "40/5400+30:1800+30"]

1. d4 d5 2. Nf3 Nf6 3. c4 c6 4. Qc2 g6 5. g3 Bf5 6. Qb3 Qc8 7. Bg2 Bg7 8. Nc3 dxc4 9. Qxc4 O-O 10. O-O Nbd7 11. Re1 Ne4 12. Ng5 Nd6 13. Qa4 Nb6 14. Qd1 h6 15. e4 Bg4 16. Bf3 Bd7 17. e5 Nf5 18. Nge4 Rd8 19. Nc5 e6 20. Bg4 Nd5 21. N3e4 Bf8 22. Bxf5 exf5 1/2-1/2